Radèske, (Record no. 6876)

MARC details
000 -LEADER
fixed length control field 00817cam a22002411i 4500
001 - CONTROL NUMBER
control field af 49001188
003 - CONTROL NUMBER IDENTIFIER
control field DLC
005 - DATE AND TIME OF LATEST TRANSACTION
control field 20260227110918.0
008 - FIXED-LENGTH DATA ELEMENTS--GENERAL INFORMATION
fixed length control field 720120s1944 be a 000 0 dut
010 ## - LIBRARY OF CONGRESS CONTROL NUMBER
LC control number af 49001188
035 ## - SYSTEM CONTROL NUMBER
System control number (OCoLC)34384376
040 ## - CATALOGING SOURCE
Original cataloging agency DLC
Transcribing agency NN
Modifying agency DLC
042 ## - AUTHENTICATION CODE
Authentication code premarc
050 00 - LIBRARY OF CONGRESS CALL NUMBER
Classification number PZ17.V35
Item number R3
100 1# - MAIN ENTRY--PERSONAL NAME
Personal name Velde, Anton van de,
Dates associated with a name 1895-
245 10 - TITLE STATEMENT
Title Radèske,
Remainder of title een kwajongensspel in drie bedrijven, vijf tafereelen. Dansen en deuntjes door Jos de Klerk.
260 ## - PUBLICATION, DISTRIBUTION, ETC.
Place of publication, distribution, etc. Brugge,
Name of publisher, distributor, etc. De Kinkhoren,
Date of publication, distribution, etc. 1944.
300 ## - PHYSICAL DESCRIPTION
Extent 150 p.
Other physical details illus.
Dimensions 21 cm.
490 0# - SERIES STATEMENT
Series statement Opbouwen, tooneel-uitgaven,
Volume/sequential designation 5. reeks, nr 37
500 ## - GENERAL NOTE
General note Without the music.
500 ## - GENERAL NOTE
General note Vol. 1 of a trilogy of which v. 2. is entitled: Radijs and v. 3, Radijs en Bot op sterrevaart.
700 1# - ADDED ENTRY--PERSONAL NAME
Personal name Klerk, Joseph de,
Dates associated with a name 1885-

No items available.

Powered by Koha